Catholic University of Zimbabwe Library
Online Public Access Catalogue
(OPAC)

History of international relations (Record no. 29137)

MARC details
000 -LEADER
fixed length control field 03170nam a2200397 i 4500
001 - CONTROL NUMBER
control field xb27065030
006 - FIXED-LENGTH DATA ELEMENTS--ADDITIONAL MATERIAL CHARACTERISTICS
fixed length control field m d
007 - PHYSICAL DESCRIPTION FIXED FIELD--GENERAL INFORMATION
fixed length control field cr n
008 - FIXED-LENGTH DATA ELEMENTS--GENERAL INFORMATION
fixed length control field 190801t20192019enka s 000 0 eng d
020 ## - INTERNATIONAL STANDARD BOOK NUMBER
International Standard Book Number 9781783740246
Qualifying information (pdf)
020 ## - INTERNATIONAL STANDARD BOOK NUMBER
International Standard Book Number 9781783740253
Qualifying information (epub)
020 ## - INTERNATIONAL STANDARD BOOK NUMBER
International Standard Book Number 9781783740260
Qualifying information (mobi)
020 ## - INTERNATIONAL STANDARD BOOK NUMBER
International Standard Book Number 9781783747788
Qualifying information (XML)
020 ## - INTERNATIONAL STANDARD BOOK NUMBER
Canceled/invalid ISBN 9781783740222 (pbk.)
020 ## - INTERNATIONAL STANDARD BOOK NUMBER
Canceled/invalid ISBN 9781783740239 (hbk.)
040 ## - CATALOGING SOURCE
Original cataloging agency StSaUL
Language of cataloging eng
Description conventions rda
100 1# - MAIN ENTRY--PERSONAL NAME
Personal name Ringmar, Erik,
Relator term author.
245 10 - TITLE STATEMENT
Title History of international relations
Medium [electronic resource] :
Remainder of title a non-European perspective /
Statement of responsibility, etc. Erik Ringmar.
264 #1 - PRODUCTION, PUBLICATION, DISTRIBUTION, MANUFACTURE, AND COPYRIGHT NOTICE
Name of producer, publisher, distributor, manufacturer Open Book Publishers,
300 ## - PHYSICAL DESCRIPTION
Extent 1 online resource (218 pages) :
Other physical details 9 colour illustrations.
500 ## - GENERAL NOTE
General note Additional material and updates available from the publisher's website.
500 ## - GENERAL NOTE
General note Available through Open Book Publishers.
505 0# - FORMATTED CONTENTS NOTE
Formatted contents note The Author -- Acknowledgments -- This book -- 1. Introduction -- 2. China and East Asia -- 3. India and Indianization -- 4. The Muslim Caliphates -- 5. The Mongol Khanates -- 6. Africa -- 7. The Americas -- 8. European Expansion -- Afterthoughts: Walls and Bridges.
506 ## - RESTRICTIONS ON ACCESS NOTE
Terms governing access Open access resource providing free access.
520 ## - SUMMARY, ETC.
Summary, etc. "Existing textbooks on international relations treat history in a cursory fashion and perpetuate a Euro-centric perspective. This textbook pioneers a new approach by historicizing the material traditionally taught in International Relations courses, and by explicitly focusing on non-European cases, debates and issues. The volume is divided into three parts. The first part focuses on the international systems that traditionally existed in Europe, East Asia, pre-Columbian Central and South America, Africa and Polynesia. The second part discusses the ways in which these international systems were brought into contact with each other through the agency of Mongols in Central Asia, Arabs in the Mediterranean and the Indian Ocean, Indic and Sinic societies in South East Asia, and the Europeans through their travels and colonial expansion. The concluding section concerns contemporary issues: the processes of decolonization, neo-colonialism and globalization - and their consequences on contemporary society. History of International Relations provides a unique textbook for undergraduate and graduate students of international relations, and anybody interested in international relations theory, history, and contemporary politics."--Publisher's website.
538 ## - SYSTEM DETAILS NOTE
System details note Mode of access: World Wide Web.
540 ## - TERMS GOVERNING USE AND REPRODUCTION NOTE
Terms governing use and reproduction This work is licensed under a Creative Commons Attribution 4.0 International license (CC BY 4.0). For more detailed information consult the publisher's website.
650 #0 - SUBJECT ADDED ENTRY--TOPICAL TERM
Topical term or geographic name entry element International relations
General subdivision History.
710 2# - ADDED ENTRY--CORPORATE NAME
Corporate name or jurisdiction name as entry element Open Book Publishers,
Relator term publisher.
856 40 - ELECTRONIC LOCATION AND ACCESS
Uniform Resource Identifier <a href="http://doi.org/10.11647/OBP.0074">http://doi.org/10.11647/OBP.0074</a>
Public note Connect to e-book
856 42 - ELECTRONIC LOCATION AND ACCESS
Uniform Resource Identifier <a href="https://www.openbookpublishers.com/shopimages/products/normal/Ringmar-front-cover.jpg">https://www.openbookpublishers.com/shopimages/products/normal/Ringmar-front-cover.jpg</a>
Public note Connect to cover image
Holdings
Withdrawn status Lost status Source of classification or shelving scheme Damaged status Not for loan Home library Current library Shelving location Date acquired Total Checkouts Date last seen Uniform Resource Identifier Price effective from Koha item type
          Digital Library Digital Library Online Access 15.02.2021   15.02.2021 http://doi.org/10.11647/OBP.0074 15.02.2021 eBook

OPENING HOURS

Weekdays: 0815hrs - 1800hrs
Weekends:0900hrs - 1200hrs

Closed for Mass:

Mon, Thur: 1200hrs - 1300hrs
Sunday & Public Holiday’s

CALL SUPPORT

0242-570570, 0242-570169
09200664, +263 8644140602

LOCATION

18443, Cranborne Avenue, Hatfield, Harare

Other Links


©2021 | CUZ Library